000 00922nam a2200277 i 4500
003 EG-GICUC
005 20260419113954.0
008 260419s1985 fr ||||fr|||| 00| 0 fre d
040 _aEG-GiCUC
_bfre
_cEG-GiCUC
_dEG-GiCUC
_eRda
082 0 4 _221
_a341.79
_bST . E
092 0 4 _221
099 _aLaw1 11 341.79 ST . E 1985
100 1 _aStrohl,Pierre
_eAuteur
245 _aLes Entreprises de Coopération Technique Internationale: Aspects Juridiques - Bilan - Perspectives/
_cPierre Strohl.
264 1 _aParis :
_c1985 .
300 _a153 page ;
_c24 cm.
336 _2rda contenu
_a texte
337 _2rda medias
_aOrdinateur
338 _2 transporteur rda
_a Ressource en ligne
546 _aTexte en français
650 _aDroit International Public
650 _aInternational Commercial Law
856 4 0 _uhttps://fll.law.cu.edu.eg/fulltext/bks/B11-09773.pdf
905 _a59
942 _2ddc
_n0
_cBK
_e21
999 _c71863
_d71863